000 00249nam a2200109Ia 4500
008 190914s9999||||xx |||||||||||||| ||und||
100 _aZig Ziglar
245 0 _aZiglar On Selling
260 _aIndia
_bS. Chand
_c2009
300 _a356
942 _cBK
999 _c10097
_d10097